[Event "TUR-chT Clubs"]
[Site "Konya"]
[Date "2019.07.17"]
[Round "2.27"]
[White "Ilik, Sevket"]
[Black "Dogan, Ugur"]
[Result "0-1"]
[WhiteElo "1358"]
[BlackElo "1612"]
[PlyCount "71"]
[EventDate "2019.07.16"]
[EventType "team-swiss"]
[EventRounds "9"]
[EventCountry "TUR"]
[SourceTitle "CBM 191 Extra"]
[Source "ChessBase"]
[SourceDate "2019.09.30"]
[SourceVersion "1"]
[SourceVersionDate "2019.09.30"]
[SourceQuality "1"]
[WhiteTeam "Siirt Genclik"]
[BlackTeam "Elazig Genclik"]
[WhiteTeamCountry "TUR"]
[BlackTeamCountry "TUR"]

1. e4 c6 2. b3 d5 3. e5 Bf5 4. Bb2 e6 5. d3 Nd7 6. Nd2 Qc7 7. Ndf3 Qa5+ 8. c3 c5 9. Qd2 Ne7 10. Ne2 Nc6 11. Qe3 d4 12. Qd2 Ndxe5 13. Nxe5 Nxe5 14. Ng3 Bg6 15. Be2 Qb6 16. 0-0 Be7 17. Rfd1 0-0 18. Qf4 Nc6 19. Bf3 Rfd8 20. h4 h6 21. Ne4 dxc3 22. Bxc3 Nd4 23. h5 Bxe4 24. Bxd4 Bxf3 25. Bxg7 Kxg7 26. Qxf3 Rd5 27. Rac1 Rad8 28. Rc4 Rg5 29. Rf4 f5 30. g4 Rf8 31. Kf1 Qc6 32. Qh3 Qd6 33. Qf3 Rxg4 34. Rxg4+ fxg4 35. Qxg4+ Bg5 36. d4 0-1

[Event "TUR-chT Clubs"]
[Site "Konya"]
[Date "2019.07.17"]
[Round "3.27"]
[White "Sener, Kerem"]
[Black "Ilik, Sevket"]
[Result "1-0"]
[WhiteElo "1547"]
[BlackElo "1358"]
[PlyCount "88"]
[EventDate "2019.07.16"]
[EventType "team-swiss"]
[EventRounds "9"]
[EventCountry "TUR"]
[SourceTitle "CBM 191 Extra"]
[Source "ChessBase"]
[SourceDate "2019.09.30"]
[SourceVersion "1"]
[SourceVersionDate "2019.09.30"]
[SourceQuality "1"]
[WhiteTeam "Akcakoca Palamut Bric"]
[BlackTeam "Siirt Genclik"]
[WhiteTeamCountry "TUR"]
[BlackTeamCountry "TUR"]

1. e4 Nc6 2. d4 e6 3. Nf3 d6 4. c3 Bd7 5. Bd3 Be7 6. Bf4 Bf6 7. Bg3 Qe7 8. Nbd2 g6 9. Qc2 Bg7 10. a3 f5 11. 0-0-0 Nf6 12. Rhe1 Nh5 13. exf5 gxf5 14. Bxf5 Nxg3 15. hxg3 d5 16. Bxh7 0-0-0 17. Bd3 Bh6 18. Kb1 Rdf8 19. Nb3 Be8 20. Nc5 Nd8 21. Ne5 Bg7 22. Nf3 Bh5 23. Qe2 Rh6 24. Qe3 Rhf6 25. Be2 Bh6 26. Ng5 Rxf2 27. Bxh5 Bxg5 28. Qd3 Rxg2 29. Re2 Rff2 30. Rxf2 Rxf2 31. Re1 b6 32. Nxe6 Nxe6 33. Qg6 Qf6 34. Rxe6 Qxg6+ 35. Rxg6 Be7 36. Bg4+ Kb7 37. Be6 Kc6 38. Bc8+ Bd6 39. g4 Rf8 40. Be6 Be7 41. Bf5+ Rf6 42. Rg7 Kd6 43. Kc2 Rh6 44. Kd3 Rh8 1-0

[Event "TUR Cup										"]
[Site "Antalya"]
[Date "2018.01.30"]
[Round "6"]
[White "Ilik, Sevket"]
[Black "Duran, Kadir"]
[Result "1-0"]
[WhiteElo "1363"]
[BlackElo "1167"]
[PlyCount "49"]
[EventDate "2018.01.27"]
[EventType "swiss"]
[EventRounds "11"]
[EventCountry "TUR"]
[SourceTitle "CBM 182 Extra"]
[Source "ChessBase"]
[SourceDate "2018.02.23"]
[SourceVersion "1"]
[SourceVersionDate "2018.02.23"]
[SourceQuality "1"]

1. e4 e5 2. Bc4 Nf6 3. d3 h6 4. Nc3 c6 5. Bd2 d5 6. exd5 cxd5 7. Bb3 Bd6 8. Qf3 Bg4 9. Qg3 Nbd7 10. h3 Bh5 11. Qxg7 Rh7 12. Qg3 Bg6 13. Nxd5 Qb8 14. Nxf6+ Nxf6 15. Qf3 Nh5 16. Ne2 Ke7 17. 0-0-0 Rh8 18. Nc3 Nf6 19. g4 b5 20. g5 Nh5 21. Nd5+ Kf8 22. gxh6 Qd8 23. Rhg1 Kg8 24. Rxg6+ fxg6 25. Ne7+ 1-0

[Event "TUR-chT2"]
[Site "Konya"]
[Date "2017.07.13"]
[Round "7.26"]
[White "Ilik, Sevket"]
[Black "Karakaya, Ali"]
[Result "1-0"]
[WhiteElo "1364"]
[BlackElo "1022"]
[PlyCount "107"]
[EventDate "2017.07.09"]
[EventType "team-swiss"]
[EventRounds "9"]
[EventCountry "TUR"]
[SourceTitle "CBM 179 Extra"]
[Source "ChessBase"]
[SourceDate "2017.08.23"]
[SourceVersion "1"]
[SourceVersionDate "2017.08.23"]
[SourceQuality "1"]
[WhiteTeam "Cedid"]
[BlackTeam "Meslek Lise"]
[WhiteTeamCountry "TUR"]
[BlackTeamCountry "TUR"]

1. d4 d5 2. Bf4 Nf6 3. Nf3 g6 4. e3 Bg7 5. Be2 0-0 6. h3 c6 7. Nfd2 Bf5 8. g4 Be6 9. Bf3 Na6 10. h4 Qd7 11. g5 Ng4 12. Rg1 Nxf2 13. Kxf2 c5 14. c3 cxd4 15. cxd4 Rac8 16. Nc3 Rc6 17. Be2 Nc7 18. Nb5 Na6 19. Nxa7 Nb4 20. Nxc6 bxc6 21. a3 Qb7 22. Nb3 Na6 23. Qc2 Nb8 24. Nc5 Qa7 25. a4 Bf5 26. Bd3 Bh3 27. b4 f6 28. b5 fxg5 29. hxg5 Rxf4+ 30. exf4 Bxd4+ 31. Kg3 Bxg1 32. Rxg1 Bd7 33. Re1 Be8 34. Qc3 cxb5 35. Bxb5 Bf7 36. Nd3 Nd7 37. Qc8+ Nf8 38. Nc5 Kg7 39. Qc6 Qa5 40. Rxe7 Qc3+ 41. Nd3 Qa1 42. Qc7 Qg1+ 43. Kf3 Qh1+ 44. Ke3 d4+ 45. Kxd4 Qg1+ 46. Kc3 Qa1+ 47. Kb4 Qb1+ 48. Ka5 Qh1 49. Rxf7+ Kg8 50. Nb4 Qa8+ 51. Na6 Qe4 52. Re7 Qc2 53. Bc4+ Kh8 54. Qe5# 1-0

[Event "TUR-chT2"]
[Site "Konya"]
[Date "2017.07.09"]
[Round "1.25"]
[White "Ilik, Sevket"]
[Black "Ozbag, Berat"]
[Result "0-1"]
[WhiteElo "1364"]
[BlackElo "1567"]
[PlyCount "140"]
[EventDate "2017.07.09"]
[EventType "team-swiss"]
[EventRounds "9"]
[EventCountry "TUR"]
[SourceTitle "CBM 179 Extra"]
[Source "ChessBase"]
[SourceDate "2017.08.23"]
[SourceVersion "1"]
[SourceVersionDate "2017.08.23"]
[SourceQuality "1"]
[WhiteTeam "Cedid"]
[BlackTeam "Artvin Il Ozel"]
[WhiteTeamCountry "TUR"]
[BlackTeamCountry "TUR"]

1. d4 d5 2. Nc3 Nf6 3. Bg5 Bf5 4. e3 e6 5. Bb5+ c6 6. Bd3 Bg6 7. Nf3 Be7 8. Ne5 Nbd7 9. Nxg6 hxg6 10. Qd2 Qc7 11. h3 c5 12. Bb5 a6 13. Bxd7+ Nxd7 14. Bxe7 Kxe7 15. dxc5 Nxc5 16. 0-0-0 Rhd8 17. Qd4 Rac8 18. Kb1 b5 19. Rc1 f6 20. Qg4 Kf7 21. h4 Rh8 22. f4 b4 23. Ne2 f5 24. Qf3 Ne4 25. Ka1 a5 26. Nd4 a4 27. Rb1 a3 28. h5 gxh5 29. Rxh5 g6 30. Rxh8 Rxh8 31. Nb5 Qc5 32. Qe2 axb2+ 33. Kxb2 Nc3 34. Qd3 Nxb5 35. Rg1 Qc3+ 36. Qxc3 Nxc3 37. a3 Ne2 38. Re1 bxa3+ 39. Kxa3 Nc3 40. Kb3 Ne4 41. Kb2 Rh2 42. Re2 Rh1 43. c3 Rb1+ 44. Kc2 Ra1 45. Kb3 Rc1 46. Kb2 Rxc3 47. Kb1 Rc7 48. Ka1 Rb7 49. Re1 Nd2 50. Re2 Nb3+ 51. Kb1 Nd4+ 52. Rb2 Rxb2+ 53. Kxb2 Nc6 54. Kc3 Na5 55. Kd3 Nc4 56. Ke2 Kf6 57. Kd3 e5 58. g3 e4+ 59. Ke2 Ke6 60. Kf2 Kd6 61. Ke2 Kc5 62. Kf2 d4 63. exd4+ Kxd4 64. Ke2 e3 65. Ke1 Kd3 66. Kd1 e2+ 67. Ke1 Ne3 68. g4 Nc2+ 69. Kf2 e1Q+ 70. Kg2 Ne3+ 0-1